|
|
|
|
| LEADER |
01049pam a22003018a 4500 |
| 001 |
00027463 |
| 005 |
20171026081023.0 |
| 008 |
111115s2011 ||||||Viesd |
| 041 |
0 |
# |
|a Vie
|
| 082 |
1 |
4 |
|a 895.922 100 9
|b TR527N
|
| 100 |
1 |
# |
|a Kiều, Thu Hoạch
|
| 245 |
1 |
0 |
|a Truyện Nôm lịch sử hình thành và bản chất thể loại
|c Kiều Thu Hoạch
|
| 260 |
# |
# |
|a Hà Nội
|b Văn hóa - Thông tin
|c 2011
|
| 300 |
# |
# |
|a 536 tr.
|c 21 cm.
|
| 500 |
# |
# |
|a ĐTTS ghi: Hội văn nghệ dân gian Việt Nam
|
| 504 |
# |
# |
|a Tài liệu tham khảo tr. 523-532
|
| 541 |
# |
# |
|a tặng
|
| 650 |
# |
4 |
|a Nghiên cứu văn học
|x Truyện Nôm
|
| 650 |
# |
4 |
|x Lịch sử
|a Truyện Nôm
|
| 653 |
# |
# |
|a Truyện Nôm
|
| 710 |
2 |
# |
|a Hội Văn nghệ dân gian Việt Nam
|
| 852 |
# |
# |
|b Kho đọc
|j KD.0011983
|
| 852 |
# |
# |
|j KD.0011983
|
| 910 |
# |
# |
|a Ntuyet
|d 15/11/2011
|
| 980 |
# |
# |
|a Trung tâm Học liệu Lê Vũ Hùng, Trường Đại học Đồng Tháp
|